Statistics for Magic: the Gathering Color Combinations

Click here to take the quiz!

General Stats

  • This quiz has been taken 350 times
  • The average score is 12 of 15

Answer Stats

Hint Answer % Correct
White/Blue (WU)Azorius
89%
Blue/Black (UB)Dimir
89%
Black/Red (BR)Rakdos
89%
Red/White (RW)Boros
89%
Red/Green (RG)Gruul
88%
Blue/Red (UR)Izzet
88%
Green/Blue (GU)Simic
85%
Black/Green (BG)Golgari
84%
Green/White (GW)Selesnya
83%
White/Black (WB)Orzhov
79%
White/Blue/Black (WUB)Esper
67%
Black/Red/Green (BRG)Jund
67%
Blue/Black/Red (UBR)Grixis
59%
Red/Green/White (RGW)Naya
59%
Green/White/Blue (GWU)Bant
57%

Score Distribution

Percentile by Number Answered

Percent of People with Each Score

Your Score History

You have not taken this quiz